| 000 | 01247nam0a22002771 4500 | ||
|---|---|---|---|
| 001 | rc\2331050 | ||
| 005 | 20260408083149.0 | ||
| 035 | _a(NLR Aleph) 006582840 | ||
| 090 |
_a7063870 _c7063870 |
||
| 100 | _a20110829d1977 |||y0rusy50 ca | ||
| 101 | 0 | _arus | |
| 102 | _aRU | ||
| 105 | _ay z ||||| | ||
| 200 | 1 |
_aПрограмма декора гелатского Евангелия как отражение идейных движений второй половины XII века _fАН ГССР. Ин-т истории груз. искусства имени Г.Н. Чубинашвили. II Междунар. симпозиум по груз. искусству |
|
| 210 |
_aТбилиси _cБ. и. _d1977 |
||
| 215 |
_a17 с. _d21 |
||
| 320 | _aБиблиогр. в примеч.: с. 14-17 | ||
| 700 | 1 |
_aПодобедова _bО.И. _f1912-1999 _gОльга Ильинична |
|
| 712 | 1 | 2 |
_aМеждународный симпозиум по грузинскому искусству _d2 _f1977 _eТбилиси _3RU\NLR\AUTH\8810165759 _9827544 |
| 801 | 0 |
_aRU _bNLR _gpsbo |
|
| 801 | 1 |
_aRU _bELAR _2rusmarc |
|
| 852 |
_aNLR _j77-4/21440 |
||
| 899 |
_aRuMoRGB _jБ 77-36/129 |
||
| 899 |
_aRuMoRGB _jБ 77-36/131 |
||
| 942 | _cBOOK | ||
| 980 | _aNB | ||